Statistics for Everything Everywhere All at Once Quiz

Click here to take the quiz!

General Stats

  • This quiz has been taken 90 times
  • The average score is 10 of 18

Answer Stats

QuestionAnswer% Correct
Who stars as Evelyn?Michelle Yoeh
88%
What type of place does the Wang family run as their main business?Laundromat
81%
What animated movie was referenced, but with a raccoon instead?Ratatouille
77%
What do people have for fingers in an alternate universe?Sausages
77%
What type of food did the above put "everything" on?Bagel
75%
What festival does Evelyn invite all her costumers to in the beginning of the movie?Chinese New Year
73%
What was the first universe that connected to the others?{Alpha}verse
71%
What is the name for the small plastic eyes Waymond puts on everything?{Googly} eyes
69%
Finish the quote: The ________ is so much bigger than you realizeUniverse
61%
What government agency did Deirdre work for?Internal Revenue
Service (IRS)
59%
What sentence did Evelyn say as her first jumping pad?I Love You
53%
What was Joy's name when she experienced every universe?Jobu Tupaki
52%
What is the first name of both of the directors?Daniel
47%
What is the name of Evelyn's father?Gong Gong
47%
What was the name of Joy's girlfriend?Becky
45%
Finish the quote: Every new ________ is just a reminder, we're all small and stupidDiscovery
37%
Finish the quote: Very busy today, no time to ____ ___{Help} {You}
17%
Finish the quote: Every _________, every disappointment has led you here to this momentRejection
12%

Score Distribution

Percentile by Number Answered

Percent of People with Each Score

Your Score History

You have not taken this quiz